Central Library OPAC University of Rajshahi

Political communication : (Record no. 58514)

MARC details
000 -LEADER
fixed length control field 00867nam a2200253 a 4500
001 - CONTROL NUMBER
control field 58514
003 - CONTROL NUMBER IDENTIFIER
rucl marc code BD-RjUL
005 - DATE AND TIME OF LATEST TRANSACTION
control field 20211209080630.0
008 - FIXED-LENGTH DATA ELEMENTS--GENERAL INFORMATION
fixed length control field 161218s1975 enk||||| |||| 001 0 eng d
020 ## - INTERNATIONAL STANDARD BOOK NUMBER
International Standard Book Number 080390505X.
-- 0803905076
035 ## - SYSTEM CONTROL NUMBER
System control number (BD-RjUL)58638
040 ## - CATALOGING SOURCE
Modifying agency BD-RjUL
Language of cataloging eng
Original cataloging agency BD-RjUL
Transcribing agency BD-RjUL
041 ## - LANGUAGE CODE
Language code of text/sound track or separate title eng
082 00 - DEWEY DECIMAL CLASSIFICATION NUMBER
Classification number 306.2
Edition number 23
Author mark and year POL 1975
245 00 - TITLE STATEMENT
Title Political communication :
Remainder of title issues and strategies for research /
Statement of responsibility, etc. Steven H. Chaffee
260 ## - PUBLICATION, DISTRIBUTION, ETC. (IMPRINT)
Place of publication, distribution, etc. Beverly Hills, Calif. :
Name of publisher, distributor, etc. Sage Publications,
Date of publication, distribution, etc. c1975.
300 ## - PHYSICAL DESCRIPTION
Pagination 319 p. :
Illustrations ill. ;
Size 23 cm.
490 0# - SERIES STATEMENT
Series statement Sage annual reviews of communication research ;
Volume/sequential designation v. 4
500 ## - GENERAL NOTE
General note Includes index.
650 #0 - SUBJECT ADDED ENTRY--TOPICAL TERM
Topical term or geographic name as entry element Communication in politics
General subdivision Research.
9 (RLIN) 173821
700 1# - ADDED ENTRY--PERSONAL NAME
Personal name Chaffee, Steven H.
830 ## - SERIES ADDED ENTRY--UNIFORM TITLE
Uniform title Sage annual reviews of communication research ;
Volume number/sequential designation v. 4
942 ## - ADDED ENTRY ELEMENTS (KOHA)
Source of classification or shelving scheme Dewey Decimal Classification
Koha item type Books
Holdings
Lost status Source of classification or shelving scheme Damaged status Not for loan Collection code Permanent Location Current Location Shelving location Date acquired Source of acquisition Total Checkouts Full call number Date last seen Copy number Koha item type
  Dewey Decimal Classification   Not For Loan Non-fiction Central Library, University of Rajshahi Central Library, University of Rajshahi Rare Book Section 18/09/1991 Asia foundation   306.2 POL 1975 18/12/2016 C-1 Books